|
|
|
|
| LEADER |
00690cam a2200217 i 4500 |
| 001 |
0000150581 |
| 005 |
20260116090000.0 |
| 008 |
260116t2010 my a e may |
| 020 |
|
|
|a 9789831243916
|q paperback
|c RM18.00
|
| 040 |
|
|
|a RMC
|b eng
|c RMC
|e rda
|
| 090 |
0 |
0 |
|a FM
|b RAN
|
| 100 |
1 |
|
|a RANIA FIRDAUS
|e author
|
| 245 |
1 |
0 |
|a CINTA DUA JIWA
|c RANIA FIRDAUS
|
| 264 |
|
1 |
|a Shah Alam ,Selangor
|b ALAF 21 SDN.BHD
|
| 300 |
|
|
|a 482pages
|c 19cm
|
| 336 |
|
|
|a text
|2 rdacontent
|
| 337 |
|
|
|a unmediated
|2 rdamedia
|
| 338 |
|
|
|a volume
|2 rdacarrier
|
| 650 |
1 |
0 |
|a Malaysian fiction (Malay)
|
| 852 |
1 |
|
|a RMC
|
| 999 |
|
|
|a 0000035293
|b Royal Military College
|d BOOKS
|e Umum
|f Royal Military College
|j AVAILABLE
|q GOOD CONDITION
|